| 000 | 00344nam a22001217a 4500 | ||
|---|---|---|---|
| 999 |
_c263 _d263 |
||
| 005 | 20200812102234.0 | ||
| 008 | 200812b ||||| |||| 00| 0 eng d | ||
| 020 | _a4937 | ||
| 040 | _cCML | ||
| 245 |
_aThe story of Moses. _cArdizzone, E. |
||
| 260 |
_aLondon _b24 Russell Square _cfiction |
||
| 942 |
_2ddc _cBK _e1st Edition _h270 _mMAR |
||